Lengua : primer ciclo egb :
Guardado en:
| Autor Principal: | |
|---|---|
| Otros Autores: | , , |
| Formato: | Libro |
| Publicado: |
Buenos Aires :
Ministerio de Educación, Ciencia y Tecnología
|
| Series: | Cuadernos para el aula
|
| Materias: | |
| Etiquetas: |
Agregar Etiqueta
Sin Etiquetas, Sea el primero en etiquetar este registro!
|
| LEADER | 01016nam a22002655a 4500 | ||
|---|---|---|---|
| 001 | CEM.cems012177 | ||
| 005 | 20071121172106.0 | ||
| 008 | 130507b######################000#0#####d | ||
| 003 | CEMS | ||
| 082 | 0 | 4 | |a 372.6 |
| 100 | 1 | |a Gaspar, María del Pilar | |
| 245 | 1 | 0 | |a Lengua : |b primer ciclo egb : |c María Del Pilar Gaspar ... [et Al.] |
| 260 | |a Buenos Aires : |b Ministerio de Educación, Ciencia y Tecnología | ||
| 300 | |a 149 p. | ||
| 490 | 0 | |a Cuadernos para el aula | |
| 504 | |a Bibliografía p. 144-149 | ||
| 505 | 0 | |a Lengua en segundo año/grado -- Comprensión y producción oral -- Lectura -- Escritura -- Reflexión sobre la lengua (sistema, norma y uso) y los textos -- En diálogo siempre abierto | |
| 653 | |a Lengua | ||
| 653 | |a Didáctica de la lengua | ||
| 653 | |a Nap | ||
| 653 | |a Núcleos de aprendizaje prioritarios | ||
| 700 | 1 | |a Cano, María Fernanda | |
| 700 | 1 | |a Fernández, Mirta Gloria | |
| 700 | 1 | |a González, Silvia M. | |
| 859 | |a CEMS |b BIB. CEMS - 11 de abril |h 372.6 |i G213 |p 23394.06 |t Ej.1 |v 2 |3 2 | ||
